| 000 | 01708nam a22002177a 4500 | ||
|---|---|---|---|
| 003 | KPN | ||
| 005 | 20250909152037.0 | ||
| 008 | 240611b |||||||| |||| 00| 0 my d | ||
| 020 |
_a9789670411439 _qpaperback _cRM17.00 |
||
| 040 |
_aKPN _cmy _erda |
||
| 082 |
_223 _aBM FK AIN 2015 |
||
| 090 |
_aBM FK AIN 2015 _bAIN |
||
| 100 |
_aAin Maisarah, _eauthor _d1982- |
||
| 245 |
_aCikgu Paling Berhantu _cAin Maisarah, Eima Manan |
||
| 260 |
_aBatu Caves, Selangor _bBlink Book Sdn Bhd _c2015 |
||
| 300 |
_a239 ms : _billustrations _c19 cm |
||
| 500 | _aSempena menyambut Hari Guru 16 Mei dua minggu lagi, Cikgu Nazha selaku guru sidang redaksi majalah Sekolah Sri Bangsar telah memberi tugasan kepada semua ahli buletin untuk menulis artikel Guru Paling. Setiap ahli diberi pilihan untuk menulis tentang artikel seorang guru sahaja. Lima artikel tentang Guru Paling akan dimuatkan ke dalam majalah sekolah. Betty dan Wilma bersaing untuk merebut tempat kelima teratas dan saling mahu tunjuk taring dalam penulisan artikel kali ini. Malang tidak berbau, Betty pula ditimpa kemalangan semasa mahu menyiapkan tugasan buletin tentang artikel Guru Paling. Namun kemalangan itu meragukan Betty sendiri. “Apa yang peliknya?” tanya Milah dengan bersungguh-sungguh. “Saya dapat rasa ada tangan yang menolak saya sampai jatuh tangga itu. Bila saya ingat balik peristiwa yang memeritkan itu, saya rasa itu cuma khayalan sahaja. Tetapi jauh di sudut hati, saya yakin seperti ada orang yang menolak saya dari belakang.” Betty bersungguh-sungguh bercerita tentang pengalamannya jatuh tangga. Semua sudah meremang bulu roma. | ||
| 650 | _2Malay fiction | ||
| 700 |
_aEima Manan _eauthor. |
||
| 942 |
_2ddc _c1 _n0 |
||
| 999 |
_c1635 _d1635 |
||